Satu aspek dari pemikiran kreatif dalam penulisan-penulisan tasawwuf = [An aspect of creative thought in Sufi writings] /
Saved in:
| Main Author: | |
|---|---|
| Format: | Thesis Book |
| Language: | Malay |
| Published: |
1985.
|
| Subjects: | |
| Tags: |
Add Tag
No Tags, Be the first to tag this record!
|
| LEADER | 01375cam a2200277 4500 | ||
|---|---|---|---|
| 001 | u48749 | ||
| 003 | SIRSI | ||
| 008 | 860927s1985 my bt 00 may m | ||
| 035 | |a AAF-2485 | ||
| 040 | |a UMM | ||
| 090 | |a PJ819 |b S9Ibrei | ||
| 091 | |a Microfiche 9490 | ||
| 100 | 0 | 0 | |a Engku Ibrahim Engku Hamid. |
| 245 | 1 | 0 | |a Satu aspek dari pemikiran kreatif dalam penulisan-penulisan tasawwuf = |b [An aspect of creative thought in Sufi writings] / |c oleh Engku Ibrahim bin Engku Ismail. |
| 260 | |c 1985. | ||
| 300 | |a xiv, 310 leaves ; |c 28 cm. | ||
| 500 | |a Also available on microfiche. Kuala Lumpur : Perpustakaan Universiti Malaya, 1994. 4 fiches : negative ; 11x15 cm. | ||
| 502 | |a Thesis (Ph.D.) -- Jabatan Pengajian Islam, Fakulti Sastera dan Sains Sosial, Universiti Malaya, 1985. | ||
| 504 | |a Bibliography: leaves 290-310. | ||
| 650 | 0 | |a Sufi literature |x History and criticism. | |
| 710 | 2 | 0 | |a Universiti Malaya. |b Jabatan Pengajian Islam. |
| 948 | |a 16/03/1991 |b 25/11/2000 | ||
| 596 | |a 1 | ||
| 999 | |a PJ819 S9IBREI |w LC |c 1 |i A010055773 |d 1/6/2017 |e 1/6/2017 |l STACKS |m P01UTAMA |n 17 |r Y |s Y |t TESIS |u 23/12/1991 | ||
| 999 | |a PJ819 S9IBREI |w LC |c 2 |i A010115314 |d 8/2/2012 |e 8/2/2012 |l B_KOM4 |m P01UTAMA |n 17 |r Y |s Y |t TESIS |u 23/12/1991 |o .PUBLIC. BKOM4: 42701 | ||
| 999 | |a PJ819 S9IBREI |w LC |c 3 |i A010143114 |d 10/1/2012 |e 10/1/2012 |l B_KOM4 |m P01UTAMA |n 13 |r Y |s Y |t TESIS |u 23/12/1991 |o .PUBLIC. BKOM 4 : 42575 | ||
